000 00778nam a2200229 u 4500
005 20240228063918.0
008 080404s2006 r 000 0 eng d
020 _a9806915909
035 _aUPN01000155214
049 _aI
050 4 _aPZ76
_bD5.7
100 1 _aDíaz Alvarez, Jonny
245 1 1 _a¿Sabes por qué subo? /
_cJonny Díaz Alvarez, Sonia Alvarez, Mago Castellano ; il. Margarita Martínez.
260 _a[Bogotá] :
_bEl Nacional,
_c2006.
300 _a31 p. :
_bil. col.
440 0 _aBrújula de papel.
_pCiencias de la naturaleza y tecnología ;
_v33
650 4 _aLibros y lectura para niños
_92290
650 4 _aGRAVEDAD -
_vLITERATURA INFANTIL
_910930
700 1 _aAlvarez, Sonia,
_ecoaut.
700 1 _aCastellano, Mago,
_ecoaut.
905 _aInfantil
999 _c127330
_d127330